| 000 | 00666nam a2200229Ia 4500 | ||
|---|---|---|---|
| 008 | 180523s9999 xx 000 0 und d | ||
| 020 | _a1-59139-112-1 | ||
| 050 | _aMAIN HD 45 | ||
| 050 | _b.H37 2003 | ||
| 245 | 0 | _aHarvard business essentials : | |
| 245 | 0 | _bmanaging creativity and innovation / | |
| 260 | _aMassachusetts : | ||
| 260 | _bHarvard Business School Press, | ||
| 260 | _c2003 | ||
| 300 | _a174 pages : | ||
| 300 | _c23 cm. | ||
| 440 | _aThe Harvard business essestials series. | ||
| 500 | _aIncludes index. | ||
| 650 | _aCreative ability. | ||
| 650 | _aTechnological innovations -- Management. | ||
| 650 | _xNew products -- Management. | ||
| 999 |
_c356884 _d356884 |
||